000 00439nam a2200133 a 4500
001 ASIN1558593101
005 20140716165244.0
008 140716s2009 xxu eng d
100 1 _aDasgupta, Samir.
245 1 0 _aUnderstanding the global environment /
_bSamir Das gupta.
260 _aNew Delhi :
_bPearson Education,
_c2009.
300 _a425 p. ;
_c26 cm.
856 4 0 _3Amazon.com
_uhttp://www.amazon.com/exec/obidos/ASIN/chopaconline-20
999 _c8082
_d8082